000 00828nam a2200253Ia 4500
003 OSt
005 20221005113007.0
006 a|||||r|||| 00| 0
007 ta
008 221004b |||||||| |||| 00| 0 pan d
020 _a9788171165049 (hbk)
_c130
024 _a13952
037 _b875, 14/08/2014, H.K. Prakashan
_cTextual
040 _aCRL
_cCRL
_bpan
041 _2pan
_apan
082 _aO153,8NKUx, P9
100 _aਮੰਗਤ ਕੁਲਜਿੰਦ
245 0 _aਖੜਯੰਤਰ
260 _aਦਿੱਲੀ
_bਨੈFਨਲ ਬੁਕ Fਾੱਪ ਭਾਰਤ
_c2009
300 _a103ਪੰ
_ccm.
650 _aਪੰਜਾਬੀ ਸਾਹਿਤ
942 _hO153,8NKUx, P9
_cTEXL
_2cc
999 _c1026674
_d1026674